[Event "ONJK 2017 B"]
[Site "Borne, Netherlands"]
[Date "2017.09.08"]
[Round "4"]
[White "Hofstra, Tetske"]
[Black "Van Herreweghe, Jarno"]
[Result "0-1"]
[WhiteElo "894"]
[BlackElo "1365"]
[PlyCount "47"]
[EventDate "2017.08.??"]

1. e4 e5 2. Nf3 Nc6 3. Nc3 Bc5 4. Bc4 Nf6 5. d3 d6 6. O-O Be6 7. Bxe6 fxe6 8.
Bg5 Qe7 9. Nb5 O-O-O 10. d4 exd4 11. Nbxd4 Nxd4 12. Nxd4 e5 13. Nb3 Bb6 14. h3
Qe6 15. c3 Rd7 16. Bxf6 gxf6 17. a4 Rg8 18. a5 Qxh3 19. Qf3 Qxf3 20. g3 Bxf2+
21. Rxf2 Rxg3+ 22. Kf1 Qh1+ 23. Ke2 Qxa1 24. Nxa1 0-1

[Event "ONJK 2017 B"]
[Site "Borne, Netherlands"]
[Date "2017.09.08"]
[Round "4.23"]
[White "Lindenaar, Katja"]
[Black "Schalm, Jacob"]
[Result "1-0"]
[WhiteElo "855"]
[BlackElo "1018"]
[PlyCount "51"]
[EventDate "2017.08.??"]

1. e4 e5 2. d4 d6 3. Nf3 Nd7 4. Bc4 h6 5. O-O Ngf6 6. dxe5 dxe5 7. Bd2 Nxe4 8.
Re1 Nxd2 9. Qxd2 Bd6 10. Qf4 O-O 11. Qg4 Nb6 12. Qe4 Nxc4 13. Qxc4 Re8 14. Nc3
c6 15. Nh4 Be6 16. Qe4 Qb6 17. Nf5 Bxf5 18. Qxf5 Re6 19. Re3 Qxb2 20. Rb1 Rf6
21. Qd3 Qa3 22. Rf3 Rxf3 23. Qxf3 Re8 24. Rxb7 e4 25. Qxf7+ Kh8 26. Qxg7# 1-0

[Event "ONJK 2017 B"]
[Site "Borne, Netherlands"]
[Date "2017.08.09"]
[Round "5.1"]
[White "Van Randtwijk, Mick"]
[Black "Dai, Wenzhi"]
[Result "1-0"]
[WhiteElo "1892"]
[BlackElo "1899"]
[PlyCount "99"]
[EventDate "2017.08.??"]

1. e4 e6 2. d4 d5 3. Nc3 Bb4 4. Bd3 c5 5. exd5 cxd4 6. Bb5+ Bd7 7. Bxd7+ Qxd7
8. Qxd4 Bxc3+ 9. Qxc3 Nf6 10. dxe6 fxe6 11. Nf3 O-O 12. O-O Na6 13. Qe5 Rac8
14. Nd4 Rfe8 15. c3 Rc5 16. Qg3 e5 17. Nb3 Rd5 18. Be3 b6 19. Rfe1 Rd3 20. Qh4
Nc7 21. Bg5 Qd6 22. Qc4+ Kh8 23. Nd4 e4 24. Bxf6 gxf6 25. Rxe4 Rxe4 26. Qxd3
Qe5 27. Nf3 Qe6 28. Qd8+ Ne8 29. h3 Kg7 30. Rd1 Qxa2 31. Qd7+ Kh6 32. Qf5 Qe6
33. Qb5 Nd6 34. Qd3 Nc4 35. Qd8 Qe7 36. Qg8 Nxb2 37. Rd4 Rxd4 38. Nxd4 Qe1+ 39.
Kh2 Qe5+ 40. g3 Nd3 41. Qg4 Qg5 42. Qc8 Nxf2 43. Qf8+ Kg6 44. Nf3 Qc1 45. Nh4+
Kh5 46. Qf7+ Kg5 47. Qg7+ Kh5 48. Qxh7+ Qh6 49. Qf7+ Kg5 50. Qd5+ 1-0

[Event "ONJK 2017 B"]
[Site "Borne, Netherlands"]
[Date "2017.08.09"]
[Round "5.2"]
[White "Baselmans, Luuk"]
[Black "Butzen, Robin"]
[Result "1-0"]
[WhiteElo "1947"]
[BlackElo "1825"]
[PlyCount "99"]
[EventDate "2017.08.??"]

1. e4 c5 2. c3 d6 3. d4 Nf6 4. dxc5 Nc6 5. f3 dxc5 6. Qxd8+ Kxd8 7. Be3 e5 8.
Bc4 Be6 9. Bxe6 fxe6 10. Nd2 Be7 11. O-O-O Kc7 12. Nh3 h6 13. Nb3 b6 14. Nf2
Nh5 15. Ng4 Rhf8 16. Rd2 Nf4 17. Rhd1 Rad8 18. Rxd8 Bxd8 19. Bxf4 exf4 20. Nd2
h5 21. Nf2 Ne5 22. Kc2 c4 23. b3 Bh4 24. Nh3 cxb3+ 25. axb3 g5 26. g3 fxg3 27.
hxg3 Bxg3 28. Nxg5 Rf6 29. Rf1 h4 30. f4 Ng4 31. Kd3 Kd7 32. Nh3 Nh2 33. Rh1
Ng4 34. Rf1 Nh2 35. Rh1 Ng4 36. Rf1 Rg6 37. Nf3 Ke7 38. Nd4 a5 39. Ne2 Nh2 40.
Rh1 Rf6 41. Nxg3 hxg3 42. Rg1 Rh6 43. Ng5 Rh4 44. Ke3 Rg4 45. Nf3 Rg8 46. Rg2
Ng4+ 47. Ke2 Nf6 48. Ng5 e5 49. Kf3 Nh5 50. c4 {Tijd?} 1-0

[Event "ONJK 2017 B"]
[Site "Borne, Netherlands"]
[Date "2017.08.09"]
[Round "5.3"]
[White "Gijsen, William"]
[Black "Noordenbos, Daan"]
[Result "0-1"]
[WhiteElo "1856"]
[BlackElo "1606"]
[PlyCount "92"]
[EventDate "2017.08.??"]

1. e4 c5 2. c3 d5 3. exd5 Qxd5 4. d4 Nc6 5. Nf3 Bg4 6. Be2 e6 7. O-O Qd7 8. Be3
cxd4 9. cxd4 Nf6 10. Nc3 Bb4 11. Qa4 Bxc3 12. bxc3 Nd5 13. Rac1 O-O 14. c4 Nb6
15. Qd1 Rad8 16. Ne5 Bxe2 17. Nxd7 Bxd1 18. Nxf8 Be2 19. c5 Bxf1 20. cxb6 Ba6
21. d5 exd5 22. Bc5 axb6 23. Ba3 b5 24. Bc5 Rxf8 25. Bxf8 Kxf8 26. f4 Ke7 27.
Kf2 b4 28. g4 Kd6 29. h4 Bc4 30. Rc2 Kc5 31. h5 Kd4 32. g5 Ke4 33. Kg3 Nd4 34.
Rf2 Be2 35. Rh2 Ke3 36. Rh3 Bf3 37. Rh2 Ne2+ 38. Kh4 d4 39. f5 d3 40. g6 hxg6
41. f6 gxf6 42. h6 d2 43. Rh1 Bxh1 44. h7 d1=Q 45. h8=Q Qe1+ 46. Kg4 Qg3# 0-1

[Event "ONJK 2017 B"]
[Site "Borne, Netherlands"]
[Date "2017.08.09"]
[Round "5.4"]
[White "Decruyenaere, Robbert"]
[Black "Merkon, Oseb"]
[Result "1-0"]
[WhiteElo "1818"]
[BlackElo "1833"]
[PlyCount "97"]
[EventDate "2017.08.??"]

1. e4 c5 2. Nf3 d6 3. d4 cxd4 4. Nxd4 Nf6 5. Nc3 a6 6. f3 e5 7. Nb3 Be6 8. Be3
Be7 9. Qd2 Qc7 10. O-O-O Nc6 11. g4 h6 12. h4 b5 13. Be2 Na5 14. g5 Ng8 15. Nd5
Nxb3+ 16. axb3 Bxd5 17. Qxd5 Rc8 18. c3 Qc6 19. Qd3 Kd7 20. f4 Kc7 21. Bg4 Ra8
22. Kc2 g6 23. Kc1 a5 24. fxe5 hxg5 25. exd6+ Bxd6 26. hxg5 Rxh1 27. Rxh1 Rd8
28. Qd5 Qxd5 29. exd5 Ne7 30. c4 Nf5 31. Bxf5 gxf5 32. Rf1 Re8 33. Kd2 Re5 34.
Kd3 a4 35. Bd4 Re4 36. Rxf5 Rh4 37. Rxf7+ Kc8 38. Rf3 Rg4 39. Bf6 axb3 40. cxb5
Kc7 41. Re3 Kb6 42. Re4 Rg1 43. Kc4 Rc1+ 44. Kxb3 Kxb5 45. g6 Rg1 46. g7 Rg3+
47. Ka2 Kc5 48. Re8 Rg4 49. g8=Q 1-0

[Event "ONJK 2017 B"]
[Site "Borne, Netherlands"]
[Date "2017.08.09"]
[Round "5.5"]
[White "De Vries, Tobias"]
[Black "Ghebreab, Elnathan"]
[Result "1-0"]
[WhiteElo "1747"]
[BlackElo "1837"]
[PlyCount "63"]
[EventDate "2017.08.??"]

1. Nf3 Nf6 2. c4 c5 3. g3 Nc6 4. Bg2 d6 5. O-O g6 6. Nc3 Bg7 7. d4 cxd4 8. Nxd4
Bd7 9. e3 O-O 10. b3 Nxd4 11. exd4 Bc6 12. d5 Bd7 13. Bb2 Qc7 14. Qd2 h5 15.
Rfe1 Rae8 16. Ne4 Nxe4 17. Bxe4 Kh7 18. Bxg7 Kxg7 19. Qd4+ f6 20. Qxa7 Rh8 21.
Qd4 g5 22. Qd3 Rh6 23. Bf5 Qc8 24. Bxd7 Qxd7 25. Re6 h4 26. Rae1 Kf7 27. Qe3
Qc7 28. a4 b6 29. Re2 hxg3 30. fxg3 Rh7 31. Qe4 Kg8 32. Qg6+ 1-0

[Event "ONJK 2017 B"]
[Site "Borne, Netherlands"]
[Date "2017.08.09"]
[Round "5.6"]
[White "Vleming, Stefan"]
[Black "Salem Elier, Ali"]
[Result "1/2-1/2"]
[WhiteElo "1652"]
[BlackElo "1962"]
[PlyCount "134"]
[EventDate "2017.08.??"]

1. d4 d5 2. e4 dxe4 3. Nc3 Nf6 4. f3 exf3 5. Qxf3 Nc6 6. Bb5 Bd7 7. Be3 e6 8.
Nge2 Be7 9. g4 O-O 10. g5 Ne8 11. h4 Nd6 12. O-O-O Nxb5 13. Nxb5 Nb4 14. Nbc3
Bc6 15. d5 Nxd5 16. Nxd5 Bxd5 17. Qh3 Qe8 18. Rhg1 Rd8 19. h5 Qa4 20. Nc3 Qc6
21. h6 g6 22. Bd4 f6 23. gxf6 Bxf6 24. Bxf6 Rxf6 25. Ne4 Rf4 26. Ng5 Rf2 27.
Qd3 Rdf8 28. c3 R8f5 29. Qg3 Qe8 30. Qxc7 Rf7 31. Nxf7 Qxf7 32. Qd8+ Qf8 33.
Qxf8+ Kxf8 34. a3 Rh2 35. c4 Bc6 36. Rge1 Ke7 37. b4 Rxh6 38. b5 Be8 39. Rh1
Rxh1 40. Rxh1 h5 41. Kd2 g5 42. Ke3 e5 43. a4 Bg6 44. a5 h4 45. c5 Bf5 46. b6
axb6 47. cxb6 Bd7 48. a6 Bc6 49. Rc1 h3 50. Rxc6 bxc6 51. a7 h2 52. a8=Q h1=Q
53. Qa3+ Kd7 54. Qd3+ Kc8 55. Qf5+ Kb7 56. Qf7+ Kxb6 57. Qb3+ Kc5 58. Qc2+ Kd6
59. Qg6+ Kd7 60. Qf7+ Kd6 61. Qg6+ Kc7 62. Qf7+ Kb8 63. Qe8+ Ka7 64. Qf7+ Kb6
65. Qb3+ Kc5 66. Qc2+ Kd6 67. Qg6+ Kd5 1/2-1/2

[Event "ONJK 2017 B"]
[Site "Borne, Netherlands"]
[Date "2017.09.08"]
[Round "5"]
[White "Van Dongen, Sam"]
[Black "Warmerdam, Ivo"]
[Result "0-1"]
[WhiteElo "1856"]
[BlackElo "1537"]
[PlyCount "106"]
[EventDate "2017.08.??"]

1. d4 Nf6 2. Nc3 g6 3. Bg5 Bg7 4. Qd2 d6 5. Bh6 O-O 6. h4 Nbd7 7. h5 Nxh5 8.
Rxh5 Bxh6 9. Rxh6 e5 10. Rh1 Re8 11. O-O-O c6 12. dxe5 Rxe5 13. Qxd6 Qb6 14.
Qd4 c5 15. Qf4 Rf5 16. Qh6 Nf8 17. Nd5 Qe6 18. e4 Qxe4 19. Bd3 Qxd5 20. Bxf5
Qxa2 21. Bxc8 Rxc8 22. Nf3 Qa1+ 23. Kd2 Qxb2 24. Qh4 Qb6 25. Qc4 Qa5+ 26. Ke2
Ne6 27. Rhe1 b5 28. Qh4 Qc3 29. Rd2 a5 30. Kf1 a4 31. Ng5 h5 32. Nxe6 Qxd2 33.
Qf6 Qh6 34. Ng5 Qg7 35. Qxg7+ Kxg7 36. Rb1 b4 37. Ne4 a3 38. Nd2 Rd8 39. Nb3 c4
40. Na5 Rd2 41. Nxc4 Rxc2 42. Na5 a2 43. Ra1 Rb2 44. Nb3 Rxb3 45. Rxa2 Rb1+ 46.
Ke2 b3 47. Ra6 b2 48. Rb6 g5 49. Kd2 Rf1 50. Rxb2 Rxf2+ 51. Kc3 Rxb2 52. Kxb2
g4 53. Kc2 h4 0-1

[Event "ONJK 2017 B"]
[Site "Borne, Netherlands"]
[Date "2017.09.08"]
[Round "5"]
[White "Schaefer, Daniel"]
[Black "Bilecen, Simon"]
[Result "1-0"]
[WhiteElo "1792"]
[BlackElo "1619"]
[PlyCount "35"]
[EventDate "2017.08.??"]

1. d4 Nf6 2. c4 e6 3. Nc3 Bb4 4. Nf3 b6 5. e3 Bb7 6. Bd3 d5 7. Qa4+ Nc6 8. Ne5
Qd6 9. O-O O-O 10. cxd5 Nxd5 11. Ne4 Nxe5 12. Nxd6 Nxd3 13. Nxb7 Rab8 14. Qb3
Nxc1 15. Raxc1 Rxb7 16. e4 Nf4 17. Qxb4 Nh3+ 18. gxh3 1-0

[Event "ONJK 2017 B"]
[Site "Borne, Netherlands"]
[Date "2017.09.08"]
[Round "5"]
[White "Verheyen, Olivier"]
[Black "Vitharana, Annelies"]
[Result "1-0"]
[WhiteElo "1731"]
[BlackElo "1789"]
[PlyCount "63"]
[EventDate "2017.08.??"]

1. e4 d5 2. exd5 Nf6 3. d4 Nxd5 4. Nf3 Bg4 5. Be2 e6 6. c4 Nb6 7. O-O Nc6 8.
Be3 Be7 9. Nbd2 O-O 10. Rc1 Bf6 11. Ne4 Be7 12. h3 Bxf3 13. Bxf3 Nd7 14. Nc3
Nf6 15. Qd2 Qd7 16. Rfd1 Rad8 17. a3 Na5 18. Qe2 Nb3 19. Rb1 c5 20. d5 e5 21.
Qc2 Nd4 22. Bxd4 exd4 23. Ne2 Bd6 24. b4 b6 25. Nc1 Rfe8 26. Nd3 Ne4 27. Bxe4
Rxe4 28. Nxc5 bxc5 29. Qxe4 Re8 30. Qf3 Qe7 31. Kf1 Qb7 32. bxc5 1-0

[Event "ONJK 2017 B"]
[Site "Borne, Netherlands"]
[Date "2017.09.08"]
[Round "5"]
[White "Damen, Sven"]
[Black "Schelleman, Iris"]
[Result "1/2-1/2"]
[WhiteElo "1544"]
[BlackElo "1730"]
[PlyCount "61"]
[EventDate "2017.08.??"]

1. e4 e5 2. Nf3 Nc6 3. Bb5 a6 4. Ba4 d6 5. c3 f5 6. exf5 Bxf5 7. d3 Be7 8. O-O
Nf6 9. Re1 O-O 10. Qb3+ Kh8 11. Qxb7 Na5 12. Qb4 c5 13. Qh4 Bxd3 14. b4 Nb7 15.
Bb3 Ne4 16. Qg4 Bxb1 17. Rxb1 Nxc3 18. Rb2 Nb5 19. Bd5 Rb8 20. Qe4 Nc3 21. Qd3
Nxd5 22. Qxd5 cxb4 23. Rxb4 Nc5 24. Rg4 Nd7 25. Ng5 Bxg5 26. Bxg5 Nf6 27. Qd3
h6 28. Rh4 Qd7 29. h3 Qc7 30. Rc1 Qd7 31. Qxa6 1/2-1/2

[Event "ONJK 2017 B"]
[Site "Borne, Netherlands"]
[Date "2017.09.08"]
[Round "5"]
[White "Van Aken, Jelmer"]
[Black "Hematyar, Fardin"]
[Result "1-0"]
[WhiteElo "1395"]
[BlackElo "1612"]
[PlyCount "49"]
[EventDate "2017.08.??"]

1. e4 e5 2. Nf3 Nc6 3. Bc4 Bc5 4. c3 Nf6 5. d4 exd4 6. e5 d5 7. Bb5 Ne4 8. cxd4
Bb4+ 9. Bd2 Bxd2+ 10. Nbxd2 Bg4 11. Qa4 Bd7 12. O-O a6 13. Bd3 O-O 14. Qc2 f5
15. Qb3 Bc8 16. Nxe4 fxe4 17. Bxe4 Be6 18. Bd3 Kh8 19. Qxb7 Qd7 20. Rac1 Rxf3
21. Qxa8+ Nd8 22. gxf3 Bh3 23. Rfe1 Qe7 24. Kh1 Qf8 25. Qxd5 1-0

[Event "ONJK 2017 B"]
[Site "Borne, Netherlands"]
[Date "2017.09.08"]
[Round "5"]
[White "Eelsingh, Janko"]
[Black "Heij, Abedin"]
[Result "1/2-1/2"]
[WhiteElo "1202"]
[BlackElo "1594"]
[PlyCount "89"]
[EventDate "2017.08.??"]

1. d4 Nf6 2. Bf4 d5 3. e3 g6 4. Nd2 Bg7 5. h3 O-O 6. Ngf3 Nbd7 7. c3 b6 8. Bd3
Bb7 9. Qe2 c5 10. O-O c4 11. Bc2 Nh5 12. Bh2 Re8 13. e4 dxe4 14. Nxe4 Rc8 15.
Nfd2 Nhf6 16. Rfe1 Nxe4 17. Nxe4 Nf6 18. Nxf6+ Bxf6 19. Be4 Qd7 20. a4 Bg7 21.
a5 Bxe4 22. Qxe4 e6 23. axb6 axb6 24. Qc2 Qb5 25. Ra7 Ra8 26. Rea1 Qc6 27. Qa4
Rxa7 28. Qxa7 Qb5 29. Qa4 Qxa4 30. Rxa4 Rc8 31. Rb4 Rc6 32. Bb8 Bf6 33. Be5 Be7
34. Rb5 f6 35. Bh2 Kf7 36. d5 exd5 37. Rxd5 Ke6 38. Rd2 Rc5 39. Re2+ Kf7 40.
Kf1 f5 41. Re5 Rxe5 42. Bxe5 Bg5 43. f4 Bh4 44. Ke2 Ke6 45. Ke3 1/2-1/2

[Event "ONJK 2017 B"]
[Site "Borne, Netherlands"]
[Date "2017.09.08"]
[Round "5"]
[White "Bruening, Silas"]
[Black "Joosse, Xander"]
[Result "1-0"]
[WhiteElo "1142"]
[BlackElo "1536"]
[PlyCount "53"]
[EventDate "2017.08.??"]

1. e4 e5 2. Nf3 Nc6 3. Bc4 Bc5 4. c3 Nf6 5. d3 d6 6. h3 O-O 7. O-O a6 8. Re1 b5
9. Bb3 Bd7 10. Nbd2 a5 11. a4 b4 12. Nc4 Re8 13. d4 exd4 14. cxd4 Bb6 15. e5
dxe5 16. Nxb6 cxb6 17. dxe5 Nh5 18. Ng5 Nxe5 19. Qxh5 h6 20. f4 hxg5 21. fxe5
Be6 22. Bxe6 Rxe6 23. Kh1 Rh6 24. Qxg5 Qxg5 25. Bxg5 Rg6 26. Bf4 Rc8 27. Rac1
1-0

[Event "ONJK 2017 B"]
[Site "Borne, Netherlands"]
[Date "2017.09.08"]
[Round "5"]
[White "Segers, Job"]
[Black "Vermet, Thomas"]
[Result "1-0"]
[WhiteElo "1427"]
[BlackElo "1137"]
[PlyCount "21"]
[EventDate "2017.08.??"]

1. e4 e5 2. Nf3 Nc6 3. Bc4 Bc5 4. b4 Bxb4 5. c3 Ba5 6. d4 exd4 7. O-O Nf6 8.
Bg5 Qe7 9. e5 Nxe5 10. Nxe5 Qd6 11. Nxf7 1-0

[Event "ONJK 2017 B"]
[Site "Borne, Netherlands"]
[Date "2017.09.08"]
[Round "5"]
[White "Martinez, Anna"]
[Black "Tiemens, Tygo"]
[Result "1-0"]
[WhiteElo "1837"]
[BlackElo "1015"]
[PlyCount "45"]
[EventDate "2017.08.??"]

1. d4 e6 2. c4 Nf6 3. Nc3 d5 4. Nf3 c5 5. e3 Nc6 6. Be2 Bd6 7. O-O O-O 8. a3
dxc4 9. dxc5 Bxc5 10. Bxc4 e5 11. b4 e4 12. Ng5 Ng4 13. Qxd8 Nxd8 14. bxc5 Ne6
15. Nxe6 Bxe6 16. Bxe6 fxe6 17. Nxe4 Rad8 18. Rb1 Rd3 19. Rxb7 Rfd8 20. Bb2 Rd1
21. Rxg7+ Kf8 22. Rxg4 Rxf1+ 23. Kxf1 1-0

[Event "ONJK 2017 B"]
[Site "Borne, Netherlands"]
[Date "2017.09.08"]
[Round "5"]
[White "Zuurmond, Derek"]
[Black "Honkoop, Mark"]
[Result "1-0"]
[WhiteElo "1471"]
[BlackElo "1733"]
[PlyCount "21"]
[EventDate "2017.08.??"]

1. e4 e5 2. f4 Bc5 3. Nf3 d6 4. Bc4 Nf6 5. Nc3 Bg4 6. fxe5 dxe5 7. Bxf7+ Kxf7
8. Nxe5+ Ke8 9. Nxg4 Rf8 10. Nxf6+ Qxf6 11. Qh5+ 1-0

[Event "ONJK 2017 B"]
[Site "Borne, Netherlands"]
[Date "2017.09.08"]
[Round "5"]
[White "Nies, Levi"]
[Black "Resing, Marvin"]
[Result "0-1"]
[WhiteElo "1351"]
[BlackElo "1534"]
[PlyCount "30"]
[EventDate "2017.08.??"]

1. e4 c5 2. Nc3 d6 3. f4 Nc6 4. Bc4 e6 5. Nf3 Be7 6. d3 Nf6 7. O-O Na5 8. Bb3
Nxb3 9. axb3 O-O 10. Qe1 b6 11. Qg3 Nh5 12. Qh3 g6 13. Ne2 Nxf4 14. Qxh7+ Kxh7
15. Ng5+ Bxg5 0-1

[Event "ONJK 2017 B"]
[Site "Borne, Netherlands"]
[Date "2017.09.08"]
[Round "5"]
[White "Kanbier, Guy"]
[Black "Kroon, Gerbrich"]
[Result "1-0"]
[WhiteElo "1487"]
[BlackElo "1467"]
[PlyCount "71"]
[EventDate "2017.08.??"]

1. e4 c6 2. d4 d5 3. e5 Bf5 4. Bd3 Bxd3 5. Qxd3 e6 6. Nf3 c5 7. c3 Nc6 8. O-O
a6 9. Qe3 cxd4 10. cxd4 Nge7 11. Bd2 Nf5 12. Qf4 Be7 13. a3 Qb6 14. Bc3 O-O 15.
Kh1 Qd8 16. Bd2 Rc8 17. Nc3 Qb6 18. Rab1 Ncxd4 19. Be3 Rc4 20. b3 Rxc3 21. Nxd4
Nxe3 22. fxe3 Qd8 23. Rf3 Bg5 24. Qg4 h6 25. Rbf1 Be7 26. h4 Qc8 27. Ne2 Rc7
28. Rg3 g6 29. Rxf7 Rxf7 30. Qxg6+ Kh8 31. Nf4 Bxh4 32. Rh3 Rh7 33. Rxh4 Rcg7
34. Qf6 Kg8 35. Nxe6 Rf7 36. Rg4+ 1-0

[Event "ONJK 2017 B"]
[Site "Borne, Netherlands"]
[Date "2017.09.08"]
[Round "5"]
[White "Thienpont, Xander"]
[Black "Meijer, Kim"]
[Result "1/2-1/2"]
[WhiteElo "1443"]
[BlackElo "1106"]
[PlyCount "48"]
[EventDate "2017.08.??"]

1. e4 d5 2. exd5 Nf6 3. d4 Nxd5 4. Nf3 Bg4 5. h3 Bh5 6. Be2 e6 7. O-O c5 8.
dxc5 Bxc5 9. c4 Nb6 10. Qxd8+ Kxd8 11. Rd1+ Ke7 12. Nbd2 Nc6 13. b3 Bg6 14. Bb2
f6 15. Nh4 Rad8 16. Nxg6+ hxg6 17. Ne4 Bd4 18. Ba3+ Kf7 19. Nd6+ Rxd6 20. Bxd6
Bxa1 21. Rxa1 Rd8 22. Rd1 Nc8 23. Ba3 Rxd1+ 24. Bxd1 Nb6 {... [57]} 1/2-1/2

[Event "ONJK 2017 B"]
[Site "Borne, Netherlands"]
[Date "2017.09.08"]
[Round "5"]
[White "Van Herreweghe, Jarno"]
[Black "Lindenaar, Katja"]
[Result "1-0"]
[WhiteElo "1365"]
[BlackElo "855"]
[PlyCount "37"]
[EventDate "2017.08.??"]

1. d4 d5 2. Bf4 Nc6 3. e3 Bf5 4. c3 Qd7 5. Nf3 Nf6 6. h3 O-O-O 7. Bb5 e6 8. Ne5
Qe8 9. a4 Ne4 10. a5 f6 11. Nxc6 bxc6 12. Ba4 Qg6 13. g4 h5 14. gxf5 Qg2 15.
Rf1 Qxh3 16. Bxc6 Qxf5 17. Qb3 Re8 18. Qb7+ Kd8 19. Qxc7# 1-0

[Event "ONJK 2017 B"]
[Site "Borne, Netherlands"]
[Date "2017.09.08"]
[Round "5"]
[White "De Smedt, Lias"]
[Black "Hofstra, Remmelt"]
[Result "1-0"]
[WhiteElo "1271"]
[BlackElo "815"]
[PlyCount "53"]
[EventDate "2017.08.??"]

1. e4 e5 2. Nf3 Nc6 3. Bc4 Nf6 4. Ng5 Qe7 5. Nxf7 Rg8 6. Ng5 Rh8 7. Nc3 d6 8.
d3 Ng4 9. h3 Nf6 10. Be3 a6 11. Nd5 Nxd5 12. Bxd5 Nb4 13. Bb3 Bd7 14. a3 Nc6
15. O-O O-O-O 16. Nf7 Rg8 17. Nxd8 Rh8 18. Nf7 Rg8 19. Nxd6+ cxd6 20. Bxg8 Qf6
21. Bd5 Qg6 22. Qf3 Ne7 23. Qxf8+ Be8 24. Qxe7 Bc6 25. Bxc6 bxc6 26. Qa7 Qe8
27. Bb6 1-0

[Event "ONJK 2017 B"]
[Site "Borne, Netherlands"]
[Date "2017.09.08"]
[Round "5.23"]
[White "Schalm, Jacob"]
[Black "Hofstra, Tetske"]
[Result "0-1"]
[WhiteElo "1018"]
[BlackElo "894"]
[PlyCount "64"]
[EventDate "2017.08.??"]

1. e4 e5 2. Nf3 Nc6 3. d4 d6 4. dxe5 dxe5 5. Qxd8+ Nxd8 6. Nxe5 Nf6 7. Nc3 Bb4
8. Bd2 Bxc3 9. Bxc3 Nxe4 10. Bd4 O-O 11. Bd3 f5 12. f3 Nd6 13. O-O-O Ne6 14.
Bc3 Nf4 15. g3 Nxd3+ 16. Rxd3 b6 17. Nc6 Re8 18. Rg1 Ba6 19. Rdd1 Be2 20. Rde1
Bxf3 21. Rxe8+ Rxe8 22. Nxa7 b5 23. Rf1 Bg2 24. Rf2 Bd5 25. b3 Ra8 26. Bd4 c6
27. Bc5 Ne4 28. Rxf5 Nxc5 29. c4 bxc4 30. bxc4 Nd3+ 31. Kd2 Be4 32. Re5 Nxe5
0-1

[Event "ONJK 2017 B"]
[Site "Borne, Netherlands"]
[Date "2017.08.10"]
[Round "6.1"]
[White "Baselmans, Luuk"]
[Black "Van Randtwijk, Mick"]
[Result "1/2-1/2"]
[WhiteElo "1947"]
[BlackElo "1892"]
[PlyCount "67"]
[EventDate "2017.08.??"]

1. e4 c5 2. c3 Nf6 3. e5 Nd5 4. d4 cxd4 5. Nf3 Nc6 6. cxd4 d6 7. exd6 Qxd6 8.
Nc3 Bg4 9. Be2 e6 10. O-O Be7 11. h3 Bh5 12. Be3 O-O 13. Rc1 Nxe3 14. fxe3 a6
15. Qb3 Bg6 16. Na4 Be4 17. a3 Qg3 18. Nc5 Bd5 19. Qd3 e5 20. e4 Bxc5 21. Rxc5
Be6 22. Nxe5 Qxd3 23. Bxd3 Nxd4 24. Rc7 b5 25. Kf2 Rac8 26. Rfc1 f6 27. Nf3
Nxf3 28. Kxf3 Rcd8 29. Ke3 Rd6 30. R1c6 Rfd8 31. Rxd6 Rxd6 32. Ra7 Bb3 33. Be2
Rc6 34. g3 1/2-1/2

[Event "ONJK 2017 B"]
[Site "Borne, Netherlands"]
[Date "2017.08.10"]
[Round "6.2"]
[White "Dai, Wenzhi"]
[Black "De Vries, Tobias"]
[Result "1-0"]
[WhiteElo "1899"]
[BlackElo "1747"]
[PlyCount "49"]
[EventDate "2017.08.??"]

1. e4 e6 2. d4 d5 3. Nc3 Nf6 4. Bg5 Bb4 5. e5 h6 6. Bd2 Bxc3 7. bxc3 Ne4 8. Qg4
g6 9. Bd3 Nxd2 10. Kxd2 c5 11. h4 Nc6 12. Nf3 Qa5 13. Qf4 Bd7 14. Rhb1 cxd4 15.
Nxd4 Nxd4 16. Qxd4 Bc6 17. f4 O-O 18. g4 Rac8 19. f5 Kg7 20. f6+ Kh8 21. Qf4
Kh7 22. h5 Rc7 23. hxg6+ fxg6 24. Rh1 Be8 25. Qxh6+ 1-0

[Event "ONJK 2017 B"]
[Site "Borne, Netherlands"]
[Date "2017.08.10"]
[Round "6.3"]
[White "Noordenbos, Daan"]
[Black "Decruyenaere, Robbert"]
[Result "1/2-1/2"]
[WhiteElo "1606"]
[BlackElo "1818"]
[PlyCount "77"]
[EventDate "2017.08.??"]

1. e4 e6 2. d4 d5 3. Nc3 Nf6 4. Bg5 Bb4 5. e5 h6 6. Bd2 Bxc3 7. bxc3 Ne4 8. Bd3
Nxd2 9. Qxd2 c5 10. f4 Nc6 11. Nf3 c4 12. Be2 b5 13. O-O Bd7 14. h3 Rb8 15. a3
a5 16. Nh2 Qb6 17. Rad1 Ke7 18. g4 b4 19. axb4 axb4 20. f5 bxc3 21. Qf4 Kd8 22.
fxe6 Bxe6 23. Kh1 Ne7 24. Qf3 Qb2 25. Bxc4 Qxc2 26. Bd3 Qa4 27. Ra1 Qxd4 28.
Qe2 Kc7 29. Nf3 Qc5 30. Rfc1 Nc6 31. Ra4 Rb6 32. Qe1 Rb3 33. Bc2 Rb2 34. Bd3 d4
35. Rxd4 Nxd4 36. Rxc3 Nxf3 37. Rxc5+ Kb8 38. Qg3 Rh2+ 39. Qxh2 1/2-1/2

[Event "ONJK 2017 B"]
[Site "Borne, Netherlands"]
[Date "2017.08.10"]
[Round "6.4"]
[White "Warmerdam, Ivo"]
[Black "Verheyen, Olivier"]
[Result "1/2-1/2"]
[WhiteElo "1537"]
[BlackElo "1731"]
[PlyCount "60"]
[EventDate "2017.08.??"]

1. e4 e5 2. Nf3 Nc6 3. Bb5 Nge7 4. Nc3 d6 5. d4 Bd7 6. O-O g6 7. Bg5 Bg7 8. Nd5
Qc8 9. Bf6 Kf8 10. dxe5 Bxf6 11. exf6 Nxd5 12. exd5 Ne5 13. Bxd7 Nxd7 14. Qd4
Qd8 15. Rfe1 Qxf6 16. Re3 Kg7 17. Rae1 Qxd4 18. Nxd4 Nb6 19. c4 Nxc4 20. Re7
Nxb2 21. Rxc7 Rhe8 22. Rb1 Re5 23. f4 Rxd5 24. Ne6+ Kg8 25. Rxb2 fxe6 26. Rbxb7
Rd1+ 27. Kf2 Rd2+ 28. Kf3 Rxa2 29. Rg7+ Kf8 30. Rgf7+ Kg8 1/2-1/2

[Event "ONJK 2017 B"]
[Site "Borne, Netherlands"]
[Date "2017.08.10"]
[Round "6.5"]
[White "Gijsen, William"]
[Black "Schaefer, Daniel"]
[Result "1-0"]
[WhiteElo "1856"]
[BlackElo "1792"]
[PlyCount "45"]
[EventDate "2017.08.??"]

1. e4 e6 2. d4 d5 3. Nc3 Nf6 4. Bg5 Be7 5. e5 Nfd7 6. h4 c5 7. Bxe7 Kxe7 8. Nf3
Nc6 9. Qd2 Re8 10. Qg5+ Kf8 11. Qh5 Qa5 12. Ng5 Nd8 13. Nxh7+ Kg8 14. O-O-O
cxd4 15. Rxd4 Nxe5 16. Qxe5 Kxh7 17. Rg4 g6 18. h5 Kg8 19. hxg6 Kf8 20. Qd6+
Kg7 21. gxf7+ Kxf7 22. Rh7+ Kf6 23. Qf4# 1-0

[Event "ONJK 2017 B"]
[Site "Borne, Netherlands"]
[Date "2017.08.10"]
[Round "6.6"]
[White "Salem Elier, Ali"]
[Black "Segers, Job"]
[Result "1-0"]
[WhiteElo "1962"]
[BlackElo "1427"]
[PlyCount "57"]
[EventDate "2017.08.??"]

1. e4 e5 2. Nf3 Nf6 3. Nxe5 d6 4. Nxf7 Kxf7 5. d4 Be7 6. Nc3 Nbd7 7. Bc4+ Kf8
8. f4 Nb6 9. Bb3 c5 10. e5 Bg4 11. Qd3 Ne8 12. h3 Bd7 13. O-O Qc8 14. f5 dxe5
15. f6 Nxf6 16. dxe5 c4 17. Qg3 cxb3 18. exf6 Bxf6 19. Rxf6+ gxf6 20. Bh6+ Ke7
21. Qg7+ Kd6 22. Rd1+ Kc6 23. Qxf6+ Be6 24. Qf3+ Nd5 25. Rxd5 Bxd5 26. Qxd5+
Kb6 27. Be3+ Kc7 28. Bf4+ Kb6 29. Qb5# 1-0

[Event "ONJK 2017 B"]
[Site "Borne, Netherlands"]
[Date "2017.10.08"]
[Round "6.7"]
[White "Merkon, Oseb"]
[Black "Vleming, Stefan"]
[Result "1/2-1/2"]
[WhiteElo "1833"]
[BlackElo "1652"]
[PlyCount "76"]
[EventDate "2017.08.??"]

1. c4 c6 2. Nc3 Nf6 3. g3 e6 4. Bg2 d5 5. cxd5 exd5 6. d4 Bb4 7. Qb3 Qb6 8. e3
O-O 9. Nge2 Bf5 10. O-O Ba5 11. Qd1 Nbd7 12. h3 Qc7 13. g4 Bg6 14. f4 h6 15. f5
Bh7 16. Nf4 Rfe8 17. h4 Bxc3 18. bxc3 h5 19. g5 Ng4 20. Rf3 Bxf5 21. Qe1 f6 22.
Ba3 c5 23. Rg3 Be4 24. Nxh5 f5 25. Nf4 Qa5 26. Bb2 Nb6 27. Bxe4 Rxe4 28. Nd3
Rae8 29. Nxc5 Rxe3 30. Rxe3 Rxe3 31. Qf1 Nc4 32. Qxf5 Rg3+ 33. Kh1 Rh3+ 34. Kg1
Rg3+ 35. Kh1 Nce3 36. Qc8+ Kh7 37. g6+ Kxg6 38. Qe8+ Kh7 1/2-1/2